| 000 | 00510nam a22001575i 4500 | ||
|---|---|---|---|
| 001 | 68641 | ||
| 003 | ES-MaACL | ||
| 007 | t| | ||
| 008 | 960813s1875 it ||||1| fre d | ||
| 040 |
_aCAM _bspa _cCAM |
||
| 100 | 1 |
_aGay, Jean. _956102 |
|
| 245 | 1 | 0 |
_aBibliographie des ouvrages relatifs a l'Afrique et a l'Arabie _b: catalogue méthodique ... / _cpar Jean Gay. |
| 260 |
_aSan Remo : _bchez J. Gay & fils, _c1875 ( _fVincent Bona) |
||
| 300 |
_aXI, [1] en bl., 312 p. ; _c24 cm. |
||
| 852 |
_aES-MaACL _jB-4371 |
||
| 999 |
_c68641 _d68641 |
||